| 000 | 00645nam a2200205 i 4500 | ||
|---|---|---|---|
| 001 | 95436 | ||
| 003 | ES-MaACL | ||
| 005 | 20230906181715.0 | ||
| 007 | t| | ||
| 008 | 050530s1971 sp ||||1| spa d | ||
| 100 | 1 |
_aLlanos, José María de. _972709 |
|
| 245 | 1 | 0 |
_aNuestra actualidad en 65 parábolas / _cJosé María de Llanos, S. J. |
| 260 |
_aBilbao : _bDesclée de Brouwer, _c1971. |
||
| 300 |
_a151 p. ; _c18 cm. |
||
| 490 | 1 |
_aPensamiento cristiano y diálogo ; _v1 |
|
| 650 |
_aParábolas cristianas. _9171877 |
||
| 830 | 1 |
_aPensamiento cristiano y diálogo ; _v1 _9183295 |
|
| 852 |
_aES-MaACL _jC-44330 |
||
| 999 |
_c95436 _d95436 |
||